Helah Sang Buaya

Bibliographic Details
Format: Book
Published: Selangor : Early Learner Publications , 2005
Series:Siri cerita moral belantara
Subjects:

MARC

LEADER 00000cam a2200000 7i4500
001 0000003486
005 20151222.0
008 070718
020 |a 9833090680 
090 0 0 |a JF   |b MOR MAL (4570) 
245 1 0 |a Helah Sang Buaya 
260 |a Selangor :   |b Early Learner Publications ,   |c 2005 
440 |a Siri cerita moral belantara 
500 |a Children ages 7-9 years old (orange) 
650 0 |a Moral stories 
999 |a 0000971011   |b Book   |c Children Collection   |e Perbadanan Perpustakaan Awam Johor 
999 |a 0000971012   |b Book   |c Children Collection   |e Perbadanan Perpustakaan Awam Johor 
999 |a 0000971013   |b Book   |c Children Collection   |e Perbadanan Perpustakaan Awam Johor 
999 |a 0000971014   |b Book   |c Children Collection   |e Perbadanan Perpustakaan Awam Johor 
999 |a 0000971015   |b Book   |c Children Collection   |e Perbadanan Perpustakaan Awam Johor